000 00703nam a2200253Ia 4500
003 OSt
005 20220918174136.0
006 a|||||r|||| 00| 0
007 ta
008 220917b |||||||| |||| 00| 0 eng d
024 _a10,655
037 _cTextual
040 _aARTS
_cARTS
_beng
041 _2eng
_aeng
082 _aM14, L4
100 _aKenney E J
_949241
245 0 _aClassical text
_b Aspect of editing in the age of the printed book
260 _aBerley
_bBerley Univ California Press
_c1974
300 _axi,174p
_ccm.
490 _aSather classical letures; 44
650 _aINDUSTRIAL ARTS
942 _hM14, L4
_cTEXL
_2CC
999 _c151942
_d151942